[Event "Kaluga Tsiolkovsky Memorial op"]
[Site "Kaluga"]
[Date "2016.08.15"]
[Round "9"]
[White "Shirokov, Sergey"]
[Black "Sokolov, Evgeny"]
[Result "1-0"]
[WhiteElo "2092"]
[BlackElo "1989"]
[PlyCount "73"]
[EventDate "2016.08.06"]
[EventType "swiss"]
[EventRounds "9"]
[EventCountry "RUS"]
[SourceTitle "CBM 174 Extra"]
[Source "ChessBase"]
[SourceDate "2016.10.10"]
[SourceVersion "1"]
[SourceVersionDate "2016.10.10"]
[SourceQuality "1"]

1. e4 c5 2. Nf3 d6 3. Bb5+ Nc6 4. d4 cxd4 5. Nxd4 Bd7 6. 0-0 Nf6 7. Nc3 e5 8. Nde2 Be7 9. Bg5 0-0 10. Bxf6 gxf6 11. Ng3 a6 12. Be2 Kh8 13. Nd5 Be6 14. c3 Rg8 15. Qd2 Bf8 16. Rad1 b5 17. Bh5 Ra7 18. Qe3 Rd7 19. h3 Bg7 20. Qf3 a5 21. a3 Rb7 22. Bg4 b4 23. axb4 axb4 24. Nh5 Bxd5 25. Rxd5 Ne7 26. Rd3 Ng6 27. Rfd1 Rb6 28. c4 Qe7 29. g3 Nf8 30. Qe3 Qc7 31. b3 Ne6 32. Bxe6 fxe6 33. Qd2 Rd8 34. c5 Qxc5 35. Rc1 Qb5 36. Rc7 Rg8 37. Nxg7 1-0

[Event "Kaluga Tsiolkovsky Memorial op"]
[Site "Kaluga"]
[Date "2016.08.11"]
[Round "6"]
[White "Moiseev, Alexandr A"]
[Black "Shirokov, Sergey"]
[Result "1-0"]
[WhiteElo "2221"]
[BlackElo "2092"]
[PlyCount "103"]
[EventDate "2016.08.06"]
[EventType "swiss"]
[EventRounds "9"]
[EventCountry "RUS"]
[SourceTitle "CBM 174 Extra"]
[Source "ChessBase"]
[SourceDate "2016.10.10"]
[SourceVersion "1"]
[SourceVersionDate "2016.10.10"]
[SourceQuality "1"]

1. e4 c6 2. d4 d5 3. e5 Bf5 4. c4 e6 5. Nc3 Ne7 6. Nge2 dxc4 7. Ng3 b5 8. Bg5 h6 9. Nxf5 exf5 10. Be3 Nd5 11. Be2 Nxe3 12. fxe3 Qg5 13. 0-0 Nd7 14. d5 Qxe3+ 15. Kh1 0-0-0 16. dxc6 Nxe5 17. Qc2 g6 18. Nxb5 a6 19. Nc3 Bb4 20. Qa4 Qb6 21. Rad1 Bxc3 22. bxc3 Qb5 23. Qa3 Qxc6 24. Qe7 Rxd1 25. Rxd1 Re8 26. Qa7 Qb7 27. Qc5+ Qc7 28. Qe3 h5 29. Rd5 Kb7 30. Qd4 Re7 31. h3 f6 32. Rc5 Qd7 33. Rd5 Qc7 34. Rd6 Rd7 35. Qd5+ Ka7 36. Qd4+ Kb8 37. Rxd7 Qxd7 38. Qb6+ Qb7 39. Qxf6 Qe4 40. Qb6+ Kc8 41. Qxa6+ Kd7 42. Qb5+ Ke7 43. Qc5+ Kf6 44. Qd6+ Kg5 45. Qd2+ Kf6 46. a4 f4 47. Kh2 Nd3 48. a5 Qe5 49. Bxd3 f3+ 50. Kg1 cxd3 51. a6 Qg3 52. a7 1-0

[Event "Kaluga Tsiolkovsky Memorial op"]
[Site "Kaluga"]
[Date "2014.08.05"]
[Round "4"]
[White "Kaminnik, Ivan"]
[Black "Shirokov, Sergey"]
[Result "0-1"]
[WhiteElo "2137"]
[BlackElo "1992"]
[PlyCount "80"]
[EventDate "2014.08.02"]
[EventType "swiss"]
[EventRounds "8"]
[EventCountry "RUS"]
[SourceTitle "EXT 2023"]
[Source "ChessBase"]
[SourceDate "2022.10.05"]
[SourceVersion "1"]
[SourceVersionDate "2022.10.05"]
[SourceQuality "1"]

1. d4 Nf6 2. c4 d6 3. Nc3 Nbd7 4. e4 e5 5. d5 Be7 6. Be3 0-0 7. f3 c6 8. Nge2 cxd5 9. cxd5 Ne8 10. Qd2 g6 11. g4 a6 12. 0-0-0 Bh4 13. Kb1 b5 14. Nc1 Ng7 15. Nb3 Nf6 16. Bd3 Bd7 17. Rc1 b4 18. Nd1 a5 19. Qe2 a4 20. Nd2 Nfe8 21. Bb5 f5 22. gxf5 gxf5 23. Bxd7 Qxd7 24. Rg1 Kh8 25. Rc6 f4 26. Bf2 Bxf2 27. Nxf2 Ne6 28. Qd3 Nd4 29. Rc4 Rb8 30. Rxd4 exd4 31. Qxd4+ Nf6 32. Ng4 Qg7 33. Nc4 Rbd8 34. Nh6 Qxh6 35. Qa7 a3 36. e5 Rd7 37. Qf2 dxe5 38. d6 Qh5 39. h4 Qf5+ 40. Kc1 Rc8 0-1

[Event "Kaluga Tsiolkovsky Memorial op"]
[Site "Kaluga"]
[Date "2012.07.30"]
[Round "1"]
[White "Shirokov, Sergey"]
[Black "Shaposhnikov, Evgeny"]
[Result "0-1"]
[WhiteElo "2028"]
[BlackElo "2545"]
[PlyCount "98"]
[EventDate "2012.07.30"]
[EventType "swiss"]
[EventRounds "9"]
[EventCountry "RUS"]
[SourceTitle "EXT 2014"]
[Source "ChessBase"]
[SourceDate "2013.11.20"]
[SourceVersion "1"]
[SourceVersionDate "2013.11.20"]
[SourceQuality "1"]

1. e4 c5 2. c3 Nf6 3. e5 Nd5 4. d4 cxd4 5. Nf3 d6 6. cxd4 Nc6 7. Bc4 Nb6 8. Bb3 d5 9. 0-0 Bg4 10. Be3 e6 11. Nc3 Be7 12. Na4 Nc4 13. Qe2 b5 14. Nc3 Rb8 15. h3 Bh5 16. Rac1 0-0 17. g4 Bg6 18. Bc2 Nxb2 19. Bxg6 fxg6 20. Qxb2 Rxf3 21. Kg2 Rf8 22. Qe2 Ba3 23. Rc2 Nb4 24. Rd2 Qa5 25. Nb1 Rfc8 26. Nxa3 Qxa3 27. Rb2 a6 28. h4 Rc4 29. h5 gxh5 30. gxh5 Qd3 31. Qxd3 Nxd3 32. Rd2 Nb4 33. h6 g6 34. Bg5 Nc6 35. Rfd1 b4 36. Rd3 a5 37. Be3 a4 38. Rb1 Kf7 39. Rb2 Ke8 40. Kf1 Kd7 41. Ke1 Rf8 42. Ke2 Kc8 43. Rd1 Kb7 44. Rd3 Ka6 45. Rd1 Kb5 46. Rd3 Rf5 47. Rd1 Rh5 48. Rbd2 Ne7 49. Rg1 Nf5 0-1

[Event "Kaluga Tsiolkovsky Memorial op"]
[Site "Kaluga"]
[Date "2012.07.30"]
[Round "2"]
[White "Sokolov, Eugeny"]
[Black "Shirokov, Sergey"]
[Result "1-0"]
[WhiteElo "1883"]
[BlackElo "2028"]
[PlyCount "49"]
[EventDate "2012.07.30"]
[EventType "swiss"]
[EventRounds "9"]
[EventCountry "RUS"]
[SourceTitle "EXT 2014"]
[Source "ChessBase"]
[SourceDate "2013.11.20"]
[SourceVersion "1"]
[SourceVersionDate "2013.11.20"]
[SourceQuality "1"]

1. d4 Nf6 2. c4 c5 3. d5 b5 4. cxb5 a6 5. b6 d6 6. Nc3 Nbd7 7. Nf3 g6 8. e4 Bg7 9. Be2 0-0 10. 0-0 Qxb6 11. Qc2 Rb8 12. Nd2 e6 13. Nc4 Qc7 14. Bf4 e5 15. Bd2 Ne8 16. a4 f5 17. f4 exf4 18. Bxf4 Bd4+ 19. Kh1 Ne5 20. a5 Nxc4 21. Bxc4 fxe4 22. Bh6 Rxf1+ 23. Rxf1 Ng7 24. Qxe4 Rxb2 25. Qe8+ 1-0

[Event "Obninsk"]
[Site "Obninsk"]
[Date "2012.??.??"]
[Round "2"]
[White "Shirokov, Sergey"]
[Black "Bilan, Danila"]
[Result "1-0"]
[WhiteElo "2029"]
[BlackElo "1894"]
[PlyCount "89"]
[EventDate "2012.01.11"]
[EventType "tourn"]
[EventRounds "11"]
[EventCountry "RUS"]
[SourceTitle "EXT 2014"]
[Source "ChessBase"]
[SourceDate "2013.11.20"]
[SourceVersion "1"]
[SourceVersionDate "2013.11.20"]
[SourceQuality "1"]

1. e4 c5 2. Nf3 b6 3. g3 Bb7 4. d3 g6 5. Bg2 Bg7 6. 0-0 e6 7. Re1 d6 8. d4 Nd7 9. Nc3 a6 10. a4 Ngf6 11. Bg5 h6 12. Bxf6 Nxf6 13. dxc5 dxc5 14. Nd2 0-0 15. Nc4 Qc7 16. Qd6 Qxd6 17. Nxd6 Bc6 18. e5 Nd5 19. Nxd5 Bxd5 20. Bxd5 exd5 21. c3 Rfd8 22. Rad1 Bxe5 23. Rxe5 Rxd6 24. Rexd5 Rxd5 25. Rxd5 Ra7 26. Rd8+ Kg7 27. Rb8 b5 28. axb5 axb5 29. Rxb5 Rc7 30. Kg2 Kf6 31. Kf3 Ke6 32. Ke4 f5+ 33. Ke3 Rc6 34. Kd3 g5 35. Kc4 Kd6 36. Rb8 Kd7 37. Rb7+ Kd8 38. Rf7 Rb6 39. b3 Ke8 40. Rxf5 Ke7 41. Rxc5 Rf6 42. Re5+ Kd6 43. Re2 Kc6 44. b4 Rf5 45. Re6+ 1-0

[Event "Obninsk"]
[Site "Obninsk"]
[Date "2012.??.??"]
[Round "4"]
[White "Shirokov, Sergey"]
[Black "Smirnov, Egor"]
[Result "1-0"]
[WhiteElo "2029"]
[BlackElo "1877"]
[PlyCount "81"]
[EventDate "2012.01.11"]
[EventType "tourn"]
[EventRounds "11"]
[EventCountry "RUS"]
[SourceTitle "EXT 2014"]
[Source "ChessBase"]
[SourceDate "2013.11.20"]
[SourceVersion "1"]
[SourceVersionDate "2013.11.20"]
[SourceQuality "1"]

1. e4 e5 2. Bc4 Bc5 3. Nf3 Nc6 4. 0-0 Nf6 5. d3 d6 6. Nbd2 Bg4 7. c3 0-0 8. h3 Bh5 9. Re1 a6 10. a4 Rb8 11. b4 Ba7 12. a5 h6 13. Nf1 Kh8 14. g4 Bg6 15. Ng3 Qd7 16. Nh4 Ne7 17. Qf3 Neg8 18. Nhf5 Qd8 19. Kg2 Nh7 20. h4 Bxf5 21. Nxf5 g6 22. Nxh6 Qxh4 23. Rh1 Qf6 24. Qxf6+ Ngxf6 25. Nxf7+ Rxf7 26. Bxf7 Kg7 27. Be6 Re8 28. Bh6+ Kh8 29. Bf7 Re7 30. Bxg6 Nxg4 31. Bg5 Rg7 32. Rxh7+ Rxh7 33. Bxh7 Kxh7 34. f3 Ne3+ 35. Kg3 Kg6 36. Bd8 Bb8 37. Kf2 Ba7 38. Ke2 Ng2 39. Bxc7 Nf4+ 40. Kd2 Kf6 41. Bxd6 1-0